000 00491nam a2200181Ia 4500
003 OSt
005 20250503102314.0
008 210210b1970 xxu||||| |||| 00| 0 eng d
040 _aAL
_c
082 _aK894.3 INDA
100 _aINDIRA (M K)
_926756
_dಇಂದಿರಾ (ಎಂ ಕೆ)
245 _aAatmasakhi
_bಆತ್ಮಸಾಕ್ಷಿ
260 _aBengaluru
_bPrakasha Sahitya
_c1970
300 _a167
690 _aKannada Fiction
_926757
906 _a028829
942 _2ddc
_cBK
999 _c80063
_d80063